LEADER 00972nam0-22003131i-450- 001 990004327680403321 005 20140203091857.0 011 $a0076-0749 035 $a000432768 035 $aFED01000432768 035 $a(Aleph)000432768FED01 035 $a000432768 100 $a19990604d1987----km-y0itay50------ba 101 0 $aita 105 $af-------00--- 200 1 $a<>creative poet$estudies on the treatment of myths in greek poetry$fby Jennifer R. March 210 $aLondon$cInstitute of Classical Studies$d1987 215 $aXII, 183 p., 36 c. di tav.$cill.$d28 cm 225 1 $aBulletin of the Institute of Classical Studies$iSupplement$v49 610 0 $aPoesia greca$aStudi 676 $a881.01 700 1$aMarch,$bJennifer R.$0172507 801 0$aIT$bUNINA$gRICA$2UNIMARC 901 $aBK 912 $a990004327680403321 952 $a881.01 MAR 1$bBibl. 12893$fFLFBC 959 $aFLFBC 996 $aCreative poet$9487584 997 $aUNINA LEADER 00913nam0-22003011i-450- 001 990000525040403321 005 20070613131711.0 010 $a88-203-2163-7 035 $a000052504 035 $aFED01000052504 035 $a(Aleph)000052504FED01 035 $a000052504 100 $a20020821d1995----km-y0itay50------ba 101 0 $aita 105 $aa-------001yy 200 1 $aImpianti eletttrici per l'industria e le macchine operatrici$emanuale di applicazione delle norme CEI$fGianfranco Figini, Umberto Torelli 210 $aMilano$cHoepli$dc1995 215 $a739 p.$cill.$d25 cm 610 0 $aImpianti elettrici per l'industria - Sicurezza 676 $a621.310'42 700 1$aFigini,$bGianfranco 701 1$aTorelli,$bUmberto 801 0$aIT$bUNINA$gRICA$2UNIMARC 901 $aBK 912 $a990000525040403321 952 $a10 D II 599$bDIEL 2444$fDINEL 959 $aDINEL 997 $aUNINA LEADER 01081nam0 22003131i 450 001 990001432930403321 010 $a0-387-05293-3 035 $a000143293 035 $aFED01000143293 035 $a(Aleph)000143293FED01 035 $a000143293 100 $a20000920d1970----km-y0itay50------ba 101 0 $aeng 200 1 $aSET-VALUED mappings, selections and topological properties of 2[superscript x]$eproceedings of the conference held at the State University of New York at Buffalo, May 8-10, 1969$fEdited by W. M. Fleischman 210 $aBerlin$cSpringer-Verlag$d1970 215 $ax, 109 p.$d26 cm 225 1 $aLecture Notes in Mathematics$v171 610 0 $aSet$aValued mappings - congressi 610 0 $aSpazi topologici$aCongressi 610 0 $aTeoria del punto fisso$aCongressi 676 $a514.322 702 1$aFleischman,$bW.M. 801 0$aIT$bUNINA$gRICA$2UNIMARC 901 $aBK 912 $a990001432930403321 962 $a54C60 996 $aSet-valued mappings, selections and topological properties of 2$983455 997 $aUNINA DB $aING01